| 000 | 01106nam a22003135a 4500 | ||
|---|---|---|---|
| 003 | EG-ScBUE | ||
| 005 | 20220515114328.0 | ||
| 008 | 160224q2015 ua f 000 0 eng d | ||
| 020 | _a9770514144 | ||
| 040 |
_aEG-ScBUE _beng _erda _cEG-ScBUE _dEG-ScBUE |
||
| 041 | 0 |
_aeng _aara |
|
| 082 | 0 | 4 |
_a428.02927 _bENG _222 |
| 245 | 0 | 3 |
_aAn English-Arabic translator primer / _ccompiled by M. M. Enani, A. El-Shamy, of the Department of English, Cairo University. |
| 264 | 1 |
_aCairo : _bThe Anglo-Egyptian Bookshop, _c[2015?] |
|
| 300 |
_a123 pages ; _c24 cm |
||
| 336 |
_2rdacontent _atext _btxt |
||
| 337 |
_2rdamedia _aunmediated _bn |
||
| 338 |
_2rdacarrier _avolume _bnc |
||
| 546 | _aText in English and Arabic. | ||
| 650 | 7 |
_aEnglish language _xTranslating into Arabic. _2BUEsh |
|
| 650 | 7 |
_aArabic language _xTranslating into English. _2BUEsh |
|
| 650 | 7 |
_aEnglish language _xComposition and exercises. _2BUEsh |
|
| 651 | _2BUEsh | ||
| 653 |
_cFebruary2016 _bHHUUEENN |
||
| 655 |
_vReading book _934232 |
||
| 700 | 1 |
_aEnani, M. _ecompiler. _939430 |
|
| 700 | 1 |
_aEl-Shamy, A. _ecompiler. |
|
| 942 |
_2ddc _cBB |
||
| 999 |
_c21236 _d21208 |
||